Statistics for Washington Metro Stations (with map)

Click here to take the quiz!

General Stats

  • This quiz has been taken 242 times
    (165 since last reset)
  • The average score is 37 of 91

Answer Stats

Station % Correct
Bethesda
68%
Smithsonian
67%
Metro Center
65%
Foggy Bottom-GWU
65%
Union Station
65%
Pentagon
63%
Dupont Circle
62%
Gallery Pl-Chinatown
62%
Vienna/Fairfax-GMU
59%
L'Enfant Plaza
58%
Crystal City
58%
Silver Spring
56%
Woodley Park-Zoo/Adams Morgan
56%
Rockville
56%
Shady Grove
56%
Rosslyn
55%
College Park-U of Md.
54%
Fort Totten
54%
Tenleytown-AU
51%
Ron. Reag. Wash. National Airport
51%
Franconia-Springfield
50%
Farragut West
50%
Greenbelt
50%
Farragut North
50%
Glenmont
49%
Arlington Cemetery
49%
King Street-Old Town
49%
Navy Yard-Ballpark
47%
New Carrollton
47%
Ballston-MU
47%
Anacostia
47%
Pentagon City
47%
Archives-Navy Memorial-Penn Quarter
46%
East Falls Church
46%
Brookland-CUA
45%
Takoma
45%
NoMa-Gallaudet U
45%
West Falls Church-VT/UVA
44%
Huntington
42%
Shaw-Howard Univ
42%
Capitol South
42%
Wheaton
42%
Grosvenor-Strathmore
42%
U Street/African-Amer Civil War Memorial/Cardozo
41%
Stadium-Armory
41%
Tysons Corner
41%
Wiehle-Reston East
41%
Judiciary Square
40%
Rhode Island Avenue-Brentwood
40%
McPherson Square
40%
Branch Avenue
38%
Virginia Square-GMU
38%
Federal Triangle
38%
Largo Town Center
36%
Court House
36%
Addison Road-Seat Pleasant
35%
Clarendon
35%
Eastern Market
35%
Forest Glen
33%
Friendship Heights
33%
Landover
33%
Waterfront
33%
Van Dorn Street
32%
Cleveland Park
32%
Van Ness-UDC
32%
Braddock Road
32%
Minnesota Avenue
29%
Eisenhower Avenue
29%
White Flint
29%
Capitol Heights
28%
Cheverly
28%
Dunn Loring-Merrifield
28%
Medical Center
28%
Federal Center SW
28%
Mt Vernon Sq-7th St-Convention Center
27%
Columbia Heights
27%
Georgia Ave-Petworth
27%
McLean
26%
Twinbrook
26%
Prince George's Plaza
24%
Deanwood
23%
Potomac Avenue
22%
Benning Road
22%
West Hyattsville
21%
Naylor Road
21%
Congress Heights
19%
Southern Avenue
18%
Greensboro
18%
Spring Hill
17%
Morgan Boulevard
17%
Suitland
15%

Score Distribution

Percentile by Number Answered

Percent of People with Each Score

Your Score History

You have not taken this quiz since the last reset